Statistics for 2010s WWE Wrestlemania Wrestlers

Click here to take the quiz!

General Stats

  • This quiz has been taken 295 times
  • The average score is 21 of 58

Answer Stats

#Wrestler or Tag Team% Correct
9The Undertaker
94%
8John Cena
93%
10Triple H
86%
9Randy Orton
83%
7Roman Reigns
80%
7Kane
78%
6Seth Rollins
75%
7Brock Lesnar
73%
8Kofi Kingston
70%
7Big Show
67%
9Sheamus
65%
5Dean Ambrose
64%
9The Miz
63%
7Daniel Bryan
62%
4Rey Mysterio
61%
5Chris Jericho
57%
5Big E
56%
4AJ Styles
48%
4Alberto Del Rio
45%
5Cesaro
45%
4Matt Hardy
45%
4CM Punk
43%
6Mark Henry
43%
6Cody Rhodes
41%
5Drew McIntyre
40%
4Becky Lynch
39%
4Sasha Banks
39%
4Shane McMahon
36%
7The Usos
34%
4Charlotte
32%
4Rusev
32%
7R-Truth
28%
9Dolph Ziggler
24%
7Zack Ryder
24%
4Jack Swagger
22%
4The Great Khali
22%
4Luke Harper
21%
4Goldust
20%
5Heath Slater
19%
5Natalya
17%
4Jinder Mahal
16%
4Baron Corbin
15%
4Santino Marella
14%
4Sin Cara
11%
5Fandango
10%
5Naomi
10%
5Tyson Kidd
9%
4Mickie James
8%
4Curt Hawkins
7%
4Luke Gallows
6%
4Bo Dallas
5%
5Curtis Axel
5%
4Tyler Breeze
4%
4Epico
3%
7Primo
3%
4Titus O'Neill
2%
4Viktor
2%
4Konnor
1%

Score Distribution

Percentile by Number Answered

Percent of People with Each Score

Your Score History

You have not taken this quiz